000 00338nam a2200109Ia 4500
008 220204s9999 xx 000 0 und d
020 _a9843210239
082 _a631.56(063)
_bSAA
245 0 _aProceedings of SAARC workshop on postharvest technology, 24-25 September 2002, Kathmandu, Nepal
260 _aBangladesh
_bSAIC
_c2003
942 _cBK
999 _c44113
_d44113